José Martí : recuento de centenario /

Spremljeno u:
Bibliografski detalji
Glavni autor: Lizano, Félix
Format: Nepoznato
Jezik:Spanish
Izdano: La Habana, Cuba : P. Fernández, 1953-
Teme:
Oznake: Dodaj oznaku
Bez oznaka, Budi prvi tko označuje ovaj zapis!

MARC

LEADER 000000000a22000000004500
001 001580
041 0 |a spa 
082 0 4 |a Cu864.2D   |b M378L t. 2 
100 1 |a Lizano, Félix 
245 1 0 |a José Martí :   |b recuento de centenario /   |c Félix Lizano. 
260 1 |a La Habana, Cuba :   |b P. Fernández,   |c 1953- 
300 |a volúmenes 
650 4 |a MARTI, JOSE, 1853-1895 
650 4 |a LITERATURA CUBANA 
650 4 |a CRITICAS 
999 |c 8281  |d 8281 
942 |c BK  |h Cu864.2D M378L t. 2  |2 z